| 000 | 00525nam a22001817a 4500 | ||
|---|---|---|---|
| 003 | OSt | ||
| 082 |
_a664 _bAFN/DE |
||
| 088 | _aP 513 | ||
| 100 |
_aAfnan Mohammed _94929 |
||
| 100 |
_aAlbin Binny _94930 |
||
| 100 |
_aAysha Meharin _94931 |
||
| 100 |
_aMariya Lal _94932 |
||
| 245 | _aDevelopment and performance evaluation of a batch -type wast fired dryer for Cocoa | ||
| 260 |
_aKCAET, TAVANUR _bDepartment of processing and food engineering _c2021 |
||
| 300 | _a70 P | ||
| 700 |
_aRajesh G K (guide) _93483 |
||
| 942 | _cPR | ||
| 999 |
_c17391 _d17391 |
||